Nelson Mandela : the early life of Rolihlahla Mandiba /
"As a defender of social justice and champion of equal rights for South African blacks, Nelson Mandela is a world-renowned leader and a symbol of the movement against apartheid. This unique biography tells of Mandela's early years through the age of twenty-three - his upbringing and educat...
Saved in:
| Main Author: | |
|---|---|
| Format: | Book |
| Language: | English French |
| Published: |
Berkeley :
North Atlantic Books,
c2002.
|
| Subjects: | |
| Tags: |
Add Tag
No Tags, Be the first to tag this record!
|
| LEADER | 02472nam a22003258a 4500 | ||
|---|---|---|---|
| 001 | 009013744-2 | ||
| 005 | 20041218195228.0 | ||
| 008 | 020722s2002 cau 000 0beng | ||
| 010 | |a 2002011409 | ||
| 015 | |a GBA2-U7634 | ||
| 020 | |a 1556434170 (pbk.) | ||
| 035 | 0 | |a ocm50243567 | |
| 040 | |a DLC |c DLC |d UKM | ||
| 041 | 1 | |a eng |h fre | |
| 043 | |a f-sa--- | ||
| 050 | 0 | 0 | |a DT1974 |b .G8513 2002 |
| 082 | 0 | 0 | |a 968.06/5/092 |a B |2 21 |
| 100 | 1 | |a Guiloineau, Jean, |d 1939- | |
| 240 | 1 | 0 | |a Nelson Mandela, naissance d'un destin. |l English |
| 245 | 1 | 0 | |a Nelson Mandela : |b the early life of Rolihlahla Mandiba / |c by Jean Guiloineau ; translated by Joseph Rowe. |
| 260 | |a Berkeley : |b North Atlantic Books, |c c2002. | ||
| 300 | |a 153 p. : |b ill. ; |c 23 cm. | ||
| 505 | 0 | |a The man without a face -- A passage through smoke -- A Thembu chieftain's name -- A path laid out by their fathers -- A pastoral childhood -- A terminal cough -- An excess of prophets -- The pastor's daughter -- I am a man -- The world opens -- Like elegant young europeans -- Insults and injuries -- General strike at Fort Hare -- Flight -- I have crossed famous rivers. | |
| 504 | |a Includes bibliographical references (page 151). | ||
| 520 | 1 | |a "As a defender of social justice and champion of equal rights for South African blacks, Nelson Mandela is a world-renowned leader and a symbol of the movement against apartheid. This unique biography tells of Mandela's early years through the age of twenty-three - his upbringing and education, the rituals of tribal Africa and his right-of-passage ceremony, the early death of his father and his subsequent move to the home of the Paramount Chief, the Regent who became his adoptive father." | |
| 520 | 8 | |a "Here is the story of a boy who was destined for something larger than his tribal village, a boy who could not contain his wonder and curiosity about the world beyond the familiar. Even at the expense of disobeying the Regent, he fled with his adoptive brother to the capital city of Johannesburg to find work and see the world, meeting many influential people along the way." "The circumstances of Mandela's youth led him to a perpetual search for what is right and true, in constant pursuit of fairness and recognition for the colorful, valiant history and tradition of black South Africans."--Jacket. | |
| 600 | 1 | 0 | |a Mandela, Nelson, |d 1918-2013 |x Childhood and youth. |
| 650 | 0 | |a Presidents |z South Africa |v Biography. | |
| 988 | |a 20030108 | ||
| 906 | |0 DLC | ||


